<?xml version="1.0" encoding="UTF-8"?>
<record
    xmlns:xsi="http://www.w3.org/2001/XMLSchema-instance"
    xsi:schemaLocation="http://www.loc.gov/MARC21/slim http://www.loc.gov/standards/marcxml/schema/MARC21slim.xsd"
    xmlns="http://www.loc.gov/MARC21/slim">

  <leader>00232nam a2200097Ia 4500</leader>
  <controlfield tag="008">240321s9999    xx            000 0 und d</controlfield>
  <datafield tag="082" ind1=" " ind2=" ">
    <subfield code="a">724.6</subfield>
    <subfield code="b">JOD</subfield>
  </datafield>
  <datafield tag="100" ind1=" " ind2=" ">
    <subfield code="a">Jodidio, Philip</subfield>
  </datafield>
  <datafield tag="245" ind1=" " ind2="0">
    <subfield code="a">Architecture: art</subfield>
  </datafield>
  <datafield tag="260" ind1=" " ind2=" ">
    <subfield code="b">Prestel Verlag</subfield>
  </datafield>
  <datafield tag="952" ind1=" " ind2=" ">
    <subfield code="0">0</subfield>
    <subfield code="1">0</subfield>
    <subfield code="4">0</subfield>
    <subfield code="6">724_600000000000000_JOD</subfield>
    <subfield code="7">0</subfield>
    <subfield code="9">59531</subfield>
    <subfield code="a">RWP</subfield>
    <subfield code="b">RWP</subfield>
    <subfield code="c">BK</subfield>
    <subfield code="d">2024-03-21</subfield>
    <subfield code="e">Saeed Book Bank</subfield>
    <subfield code="g">5400.00</subfield>
    <subfield code="l">0</subfield>
    <subfield code="o">724.6 JOD</subfield>
    <subfield code="p">RP002688</subfield>
    <subfield code="r">2024-03-21 00:00:00</subfield>
    <subfield code="w">2024-03-21</subfield>
    <subfield code="y">BK</subfield>
    <subfield code="e">Saeed Book Bank</subfield>
  </datafield>
  <datafield tag="999" ind1=" " ind2=" ">
    <subfield code="c">59519</subfield>
    <subfield code="d">59519</subfield>
  </datafield>
</record>
